The case of the free distillers, : with reference to the drawing and distilling of spirits from malt.

Bibliographic Details
Format: eBook
Language:English
Published: [London : publisher not identified, 1690?]
Series:Early English books online.
Subjects:
Online Access:Connect to the full text of this electronic book

MARC

Tag First Indicator Second Indicator Subfields
LEADER 00000nam a2200000 4500
001 in00004188021
005 20200806081538.0
006 m g d
007 cr bn |||a|bb|
008 970917s1690 enk o 00 eng d
035 |a (UnM)99885911 
037 |a CL2105000001  |b ProQuest Information and Learning. 300 N. Zeeb Rd., Ann Arbor, MI 48106 
040 |a Cu-RivES  |c Cu-RivES  |e dcrb 
043 |a e-uk-en 
090 |a HD9390  |b .G732 
245 0 4 |a The case of the free distillers, :  |b with reference to the drawing and distilling of spirits from malt. 
260 |a [London :  |b publisher not identified,  |c 1690?] 
300 |a 1 online resource (1 sheet ([1] pages). 
336 |a text  |b txt  |2 rdacontent 
337 |a computer  |b c  |2 rdamedia 
338 |a online resource  |b cr  |2 rdacarrier 
500 |a Imprint from Wing. 
500 |a With docket title. 
500 |a Reproduction of original in the British Library. 
510 4 |a Wing (CD-ROM, 1996)  |c C1077. 
510 4 |a Early English books tract supplement interim guide  |c 816.m.13[70]. 
533 |a Electronic reproduction.  |b Ann Arbor, Mich. :  |c UMI,  |d 1999-  |f (Early English books online)  |n Digital version of: (Early English books; Tract supplement ; C4:1[68])  |7 s1999 miun s 
650 0 |a Malt industry  |z England  |v Early works to 1800. 
650 0 |a Excise tax  |z England  |v Early works to 1800. 
650 0 |a Distilling industries  |z England  |v Early works to 1800. 
830 0 |a Early English books online. 
856 4 0 |u http://proxy.library.tamu.edu/login?url=https://search.proquest.com/docview/2240890965  |z Connect to the full text of this electronic book  |t 0 
999 f f |s f89ab373-6584-3a58-8200-ddb87dcc3a4f  |i 67a32871-9d30-3e14-b246-3df0b36d021d  |t 0 
952 f f |a Texas A&M University  |b College Station  |c Electronic Resources  |d Available Online  |t 0  |e HD9390 .G732  |h Library of Congress classification 
998 f f |a HD9390 .G732  |t 0  |l Available Online